Catálogo público

Urea protegida en la engorda de corderos / (Record no. 169472)

MARC details
000 -CABECERA
campo de control de longitud fija 01158nam a2200325Ia 4500
001 - NÚMERO DE CONTROL
campo de control Z_6229
003 - IDENTIFICADOR DEL NÚMERO DE CONTROL
campo de control CHAP
005 - FECHA Y HORA DE LA ÚLTIMA TRANSACCIÓN
campo de control 20231107172116.0
008 - DATOS DE LONGITUD FIJA--INFORMACIÓN GENERAL
campo de control de longitud fija 220113s2011 xx 000 0 und d
010 ## - NÚMERO DE CONTROL DE LA BIBLIOTECA DEL CONGRESO
Número de control de LC 169472
040 ## - FUENTE DE LA CATALOGACIÓN
Centro/agencia transcriptor CHAP
090 ## - LOCALMENTE ASIGNADO TIPO-LC NÚMERO DE CLASIFICACIÓN (OCLC); NÚMERO DE CLASIFICACIÓN LOCAL (RLIN)
Número de clasificación (OCLC) (R) ; Numero de clasificación, CALL (RLIN) (NR) Tesis P47 2199
100 ## - ENTRADA PRINCIPAL--NOMBRE DE PERSONA
Nombre de persona Pérez Gómez, José Alfredo
9 (RLIN) 89706
245 ## - MENCIÓN DE TÍTULO
Título Urea protegida en la engorda de corderos /
Mención de responsabilidad, etc. José Alfredo Pérez Gómez
260 ## - PUBLICACIÓN, DISTRIBUCIÓN, ETC.
Lugar de publicación, distribución, etc. Chapingo, México :
Nombre del editor, distribuidor, etc. El autor,
Fecha de publicación, distribución, etc. 2011
300 ## - DESCRIPCIÓN FÍSICA
Extensión 40 h.
502 ## - NOTA DE TESIS
Nota de tesis Tesis (Ingeniero Agrónomo Especialista en Zootecnia) -- UACh, 2011 \ Dirección: Carlos Sánchez del Real; asesoría: Melitón Córdova Alvarez y Pedro Arturo Martínez Hernández
650 ## - PUNTO DE ACCESO ADICIONAL DE MATERIA--TÉRMINO DE MATERIA
Término de materia o nombre geográfico como elemento de entrada Nitrógeno no proteínico
9 (RLIN) 144225
650 ## - PUNTO DE ACCESO ADICIONAL DE MATERIA--TÉRMINO DE MATERIA
Término de materia o nombre geográfico como elemento de entrada Ovinos
Subdivisión general Producción
9 (RLIN) 143502
650 ## - PUNTO DE ACCESO ADICIONAL DE MATERIA--TÉRMINO DE MATERIA
Término de materia o nombre geográfico como elemento de entrada Urea
9 (RLIN) 144226
700 ## - PUNTO DE ACCESO ADICIONAL--NOMBRE DE PERSONA
Nombre de persona Córdova Alvarez, Melitón, asesor
9 (RLIN) 142495
700 ## - PUNTO DE ACCESO ADICIONAL--NOMBRE DE PERSONA
Nombre de persona Martínez Hernández, Pedro Arturo, asesor
9 (RLIN) 137925
700 ## - PUNTO DE ACCESO ADICIONAL--NOMBRE DE PERSONA
Nombre de persona Sánchez del Real, Carlos, director
9 (RLIN) 139076
856 42 - LOCALIZACIÓN Y ACCESO ELECTRÓNICOS
Identificador Uniforme del Recurso <a href="http://10.13.5.2/tesis/113705.pdf">http://10.13.5.2/tesis/113705.pdf</a>
Texto de enlace Descargar PDF
901 ## - ELEMENTOS DE DATOS A LOCAL LDA (RLIN)
a TESIS P47 2199
902 ## - ELEMENTOS DE DATOS B LOCAL, LDB (RLIN)
a M
910 ## - DATOS DE OPCIÓN DEL USUARIO (OCLC)
Datos de opción del usuario 2011
942 ## - ELEMENTOS DE PUNTO DE ACCESO ADICIONAL (KOHA)
Tipo de ítem Koha Tesis_
Fuente del sistema de clasificación o colocación Dewey Decimal Classification
942 ## - ELEMENTOS DE PUNTO DE ACCESO ADICIONAL (KOHA)
Tipo de ítem Koha Tesis_
Fuente del sistema de clasificación o colocación Dewey Decimal Classification
Holdings
Estado de retiro Estado de pérdida Fuente del sistema de clasificación o colocación Estado dañado No para préstamo Código de colección Localización permanente Ubicación/localización actual Fecha de adquisición Fuente de adquisición Total de préstamos Signatura topográfica completa Código de barras Fecha visto por última vez Número de copia Precio válido a partir de Tipo de ítem Koha Restricciones de uso Fecha del último préstamo
    Clasificación Universidad Autónoma de Chapingo   Excluido de préstamo Tesis Zootecnia Zootecnia 02/07/2012 El autor   Tesis P47 2199 z_T 3828 18/01/2022 1 18/01/2022 CD    
    Clasificación Universidad Autónoma de Chapingo   Excluido de préstamo Tesis Zootecnia Zootecnia 02/07/2012 El autor   Tesis P47 2199 z_T 3829 18/01/2022 2 18/01/2022 CD    
    Clasificación Universidad Autónoma de Chapingo     Tesis Zootecnia Zootecnia 02/07/2012 El autor   Tesis P47 2199 z_T 3830 18/01/2022 3 18/01/2022 Tesis Préstamo 5 días  
    Clasificación Universidad Autónoma de Chapingo     Tesis Zootecnia Zootecnia 02/07/2012 El autor 1 Tesis P47 2199 z_T 3831 15/06/2023 4 18/01/2022 Tesis Préstamo 5 días 15/06/2023